Benvinguts al parc! / Xarxa de parcs naturals
Publicado:
Barcelona :
Diputació de Barcelona. Àrea de Territori i Sostenibilitat. Gerència de Serveis d'Espais Naturals ,
2012
Descripción Física:
1 f. : col. ; 43 x 44 cm plegat a 22 x 22 cm
MARC
| LEADER | 00000nam a2200000Ia 4500 | ||
|---|---|---|---|
| 001 | 23807 | ||
| 008 | 160829s2012 xx 000 0 cat d | ||
| 080 | |a FU-62-50 | ||
| 245 | |a Benvinguts al parc! / Xarxa de parcs naturals | ||
| 260 | |a Barcelona : |b Diputació de Barcelona. Àrea de Territori i Sostenibilitat. Gerència de Serveis d'Espais Naturals, |c 2012 | ||
| 300 | |a 1 f. : |b col. ; |c 43 x 44 cm plegat a 22 x 22 cm | ||
| 590 | |a Text en català. Hi ha un altre exemplar en castellà amb R. 23812 | ||
| 650 | 0 | |a Parcs Naturals |z Barcelona (Catalunya : Província) |9 49557 | |
| 710 | 1 | |a Barcelona (Catalunya : Província). |b Xarxa de Parcs Naturals |9 7250 | |
| 710 | 1 | |a Barcelona (Catalunya : Província). |b Gerència de Serveis d’Espais Naturals |9 52730 | |
| 901 | |a Arxiu | ||
| 942 | |n 1 | ||
| 952 | |0 0 |1 0 |4 0 |6 FU6250 |7 1 |9 55349 |a Arxiu |b Arxiu |d 2016-12-01 |l 0 |o FU-62-50 |p 23807 |r 2016-12-01 00:00:00 |w 2016-12-01 |y ARXIU | ||
| 999 | |c 59222 |d 59222 | ||